| 000 | 00668nam a2200217Ia 4500 | ||
|---|---|---|---|
| 005 | 20230320150040.0 | ||
| 008 | 131103s9999 xx 000 0 und d | ||
| 020 | _a052129835 0 | ||
| 040 | _aLoreto College | ||
| 041 | _aEnglish | ||
| 082 |
_a822.809 _bIBS-GRA |
||
| 100 | _aGray,Ronald | ||
| 245 |
_aIbsen - a dissenting view _b a study of the last twelve plays _cRonals Gray |
||
| 260 |
_aCambridge _bCambridge University Press _c1980 |
||
| 300 | _avii,231 p. | ||
| 504 | _aIncludes bibliographical references and index | ||
| 650 | _aEnglish Drama | ||
| 651 | _aIbsen, Henrik, 1828 - 1906 - Criticism and interpretation | ||
| 850 | _aLCLIB | ||
| 942 | _cBK | ||
| 999 |
_c4167 _d54646 |
||